000 00695nam a22002177a 4500
005 20170124110206.0
010 _aB-026435
020 _c195.00
_a8177290479
035 _aB-026435
037 _bCen Lib/Ret
040 _aDPL
_bEN
082 _a000
_bPRA
100 _aPrashant Kumar
_96967
245 _aUniversity grand commission NET/SLET :
_cby Prashant Kumar
_bmental ability /
260 _aNew Delhi
_bCosmos bookhives
270 _bNew Delhi
_a47/30, East patel nagar
300 _avarious pagings
_c25cm(Hb)
650 _aTeaching and research aptitude (NET/SLET)
_972820
650 _aData analysis and interpretation
_972821
942 _2ddc
_cEN
_h000
_mPRA
999 _c133250
_d133250